Real Madrid Players To Win The Ballon d'Or - Statistics

General Stats
  • This quiz has been taken 284 times
  • The average score is 7 of 8
Answer Stats
Year Player % Correct
2013, 2014, 2016, 2017 Cristiano Ronaldo
100%
2002 Ronaldo Nazario
98%
2022 Karim Benzema
97%
2018 Luka Modric
97%
1957, 1959 Alfredo Di Stefano
83%
2006 Fabio Cannavaro
78%
2000 Luis Figo
73%
1958 Raymond Kopa
25%
No matching quizzes found
Score Distribution
Percent of People with Each Score
Percentile by Number Answered
Your Score History
You have not taken this quiz